000 00667nam a2200229Ia 4500
003 OSt
005 20221007071727.0
006 a|||||r|||| 00| 0
007 ta
008 221006b |||||||| |||| 00| 0 eng d
024 _a7,179
037 _cReference Collections
040 _aFLL
_cFLL
_beng
041 _2eng
_aeng
082 _aY:45:65K73.N7, L9
100 _aWilliams Vergil L. Gu.
_9689295
245 0 _aDictionary of american penology
260 _aLondon
_bGreenwood press London
_c1979
300 _axvi,530p
_ccm.
942 _hY:45:65K73.N7, L9
_cREF
_2CC
999 _c1144081
_d1144081